Statistics for Every City in Pueblo County, Colorado

Click here to take the quiz!

General Stats

  • This quiz has been taken 6 times
  • The average score is 5 of 10

Answers on the Map

Answers color-coded by a green-red scale on the quiz's map according to % correct below.
Loading ...
 

Answer Stats

City% Correct
Pueblo
100%
Pueblo West
75%
Avondale
50%
Colorado City
50%
Rye
50%
Beulah Valley
25%
Blende
25%
Boone
25%
Salt Creek
25%
Vineland
25%

Score Distribution

Percentile by Number Answered

Percent of People with Each Score

Your Score History

You have not taken this quiz